Training of Future Doctors in Computer Modeling
Rýchle zmeny v modernej medicíne a požiadavky na prípravu špecialistov v medicíne vyžadujú aktívne využívanie počítačového modelovania v medicínskom vzdelávaní. Študovanie efektívnych metód zavádzania počítačového modelovania do vzdelávacieho procesu zdravotníckych vzdelávacích inštitúcií.
Salvato in:
| Autore principale: | |
|---|---|
| Altri autori: | , |
| Natura: | Capitolo di libro |
| Lingua: | inglese |
| Soggetti: | |
| Tags: |
Nessun Tag, puoi essere il primo ad aggiungerne!!
|
MARC
| LEADER | 00000naa a2200000 4500 | ||
|---|---|---|---|
| 001 | 0307888 | ||
| 005 | 20250331092443.9 | ||
| 041 | 0 | |a eng | |
| 044 | |a AT | ||
| 245 | 1 | 0 | |a Training of Future Doctors in Computer Modeling |c A. B. Baimakhanova, Jaroslav Kultan, L. B. Rakhimzhanova |
| 520 | |a Rýchle zmeny v modernej medicíne a požiadavky na prípravu špecialistov v medicíne vyžadujú aktívne využívanie počítačového modelovania v medicínskom vzdelávaní. Študovanie efektívnych metód zavádzania počítačového modelovania do vzdelávacieho procesu zdravotníckych vzdelávacích inštitúcií. | ||
| 610 | 2 | 0 | |a vzdelávanie |
| 610 | 2 | 0 | |a medicína |
| 610 | 2 | 0 | |a lekárstvo |
| 610 | 2 | 0 | |a študenti |
| 610 | 2 | 0 | |a modely |
| 610 | 2 | 0 | |a realita virtuálna |
| 610 | 2 | 0 | |a počítače |
| 100 | 1 | |a Baimakhanova, A. B. | |
| 700 | 1 | |a Kultan, Jaroslav, 1960- | |
| 700 | 1 | |a Rakhimzhanova, L. B. | |